00727nam a2200253Ia 4500008004000000041000800040082001200048100001800060245007800078260002600156650001100182650000800193650001100201650001400212650000700226650000700233650001200240650001500252650001800267690002200285906001100307999001900318952013600337210210b1964 xxu||||| |||| 00| 0 eng d aeng a320/609 aWARREN (Earl) aReport of the warren commission on the assassination of president Kennedy abNot Mentionedc1964 awarren athe aReport apresident aon aof aKennedy acommission aassassination aPolitical Science a003242 c118579d118579 001040748Political ScienceaALbALcPolitical Scienced2021-02-17g0.00l0o320/609p003242r2021-02-17 00:00:00w2021-02-17yBK